| 000 | 00978cam a22002652 4500 | ||
|---|---|---|---|
| 001 | 0000001782 | ||
| 005 | 20151217161130.0 | ||
| 008 | 070327s xx 000 0 eng d | ||
| 020 |
_a076192997X : _cKES 49,600 (set) |
||
| 040 |
_aKABU _cKABU |
||
| 050 | 0 |
_aHD57.7 _b.E53 |
|
| 245 | 1 | 0 |
_aEncyclopedia of leadership / _ceditors, George R. Goethals, Georgia J. Sorenson, James MacGregor Burns. |
| 260 |
_aLondon : _bSage, _c2004. |
||
| 300 | _a4 vols. | ||
| 650 | 0 |
_aLeadership _vEncyclopedias. _@0000150799 |
|
| 700 | 1 |
_aGoethals, George R. _@0000150800 |
|
| 700 | 1 |
_aSorenson, Georgia J. _@0000150801 |
|
| 700 | 1 |
_aBurns, James MacGregor. _@0000066957 |
|
| 908 | _a070327 | ||
| 950 | _@1 | ||
| 999 |
_c14888 _d14888 |
||